[Event "5MCR_3DW_1L_3S"]
[Site "ČR"]
[Date "2013.??.??"]
[Round "?"]
[White "Glaser, Karel"]
[Black "Schwarz, Jan"]
[Result "1/2-1/2"]
[WhiteElo "2260"]
[BlackElo "2289"]
[PlyCount "91"]
[EventDate "2013.??.??"]
[EventType "corr"]

1. e4 c5 2. Nf3 d6 3. d4 cxd4 4. Nxd4 Nf6 5. Nc3 a6 6. Be2 e5 7. Nb3 Be7 8. O-O
O-O 9. Be3 Be6 10. Qd3 Nc6 11. a3 Rc8 12. Nd5 Bxd5 13. exd5 e4 14. Qd2 Ne5 15.
Rac1 Re8 16. c4 Nfd7 17. h3 h6 18. Nd4 Nc5 19. Rc3 Bg5 20. Nf5 Qd7 21. Ng3 Bxe3
22. fxe3 Rf8 23. b4 Na4 24. Rcc1 f5 25. Nh5 b5 26. cxb5 axb5 27. Nf4 Rfe8 28.
Ne6 g6 29. h4 h5 30. Nd4 Nc4 31. Bxc4 Rxc4 32. Rxc4 bxc4 33. g4 c3 34. Qf2 Nb6
35. gxf5 gxf5 36. Nxf5 Kh8 37. Kh2 Nxd5 38. Nh6 Rc8 39. Nf7+ Kh7 40. Ng5+ Kg8
41. Rg1 c2 42. Nxe4+ Qg4 43. Rxg4+ hxg4 44. Qf5 c1=Q 45. Qxd5+ Kg7 46. Qg5+
1/2-1/2

[Event "5MCR_3DW_1L_3S"]
[Site "ČR"]
[Date "2013.??.??"]
[Round "?"]
[White "Schwarz, Jan"]
[Black "Glaser, Karel"]
[Result "1/2-1/2"]
[WhiteElo "2289"]
[BlackElo "2260"]
[PlyCount "94"]
[EventDate "2013.??.??"]
[EventType "corr"]

1. e4 e5 2. Nf3 Nc6 3. Bb5 a6 4. Ba4 Nf6 5. O-O Be7 6. Re1 b5 7. Bb3 O-O 8. h3
d6 9. c3 Nb8 10. d4 Nbd7 11. Nbd2 Bb7 12. Bc2 Re8 13. a4 c5 14. d5 c4 15. b3
cxb3 16. Nxb3 Qc7 17. Bd3 Qxc3 18. Be3 Qc7 19. Qb1 Reb8 20. Rc1 Qd8 21. Be2 Nf8
22. axb5 axb5 23. Rxa8 Bxa8 24. Bd2 Ne8 25. Na5 Nd7 26. Nc6 Bxc6 27. dxc6 Nc5
28. Be3 Ne6 29. Bd1 N8c7 30. Bb3 Qe8 31. Ne1 Nc5 32. Nd3 N5a6 33. g3 Qc8 34.
Kg2 h6 35. Qc2 Qe8 36. h4 Bd8 37. Ra1 Kf8 38. f3 Ra8 39. Ra2 Kg8 40. Bg1 Rb8
41. Ba7 Rc8 42. Ra5 Kh7 43. Bf2 Kg8 44. Ra1 Be7 45. Bb6 Ra8 46. Qc3 Qb8 47. Bf2
Qe8 1/2-1/2

[Event "5MCR_3DW_1L_3S"]
[Site "ČR"]
[Date "2013.??.??"]
[Round "?"]
[White "Schwarz, Jan"]
[Black "Cvak, Rudolf"]
[Result "1/2-1/2"]
[WhiteElo "2289"]
[BlackElo "2248"]
[PlyCount "61"]
[EventDate "2013.??.??"]
[EventType "corr"]

1. e4 c5 2. Nf3 Nc6 3. d4 cxd4 4. Nxd4 Nf6 5. Nc3 e5 6. Ndb5 d6 7. Bg5 a6 8.
Na3 b5 9. Nd5 Be7 10. Bxf6 Bxf6 11. c3 O-O 12. Nc2 Bg5 13. a4 bxa4 14. Rxa4 a5
15. Bc4 Rb8 16. Ra2 Kh8 17. Nce3 Bxe3 18. Nxe3 Ne7 19. O-O f5 20. exf5 Nxf5 21.
Nd5 Bb7 22. Qd3 Rc8 23. Rd1 Rc5 24. b4 axb4 25. cxb4 Rc8 26. Ba6 Bxa6 27. Rxa6
Nd4 28. f4 Rc2 29. Kh1 Qh4 30. Rxd6 Qf2 31. Qf1 1/2-1/2

[Event "5MCR_3DW_1L_3S"]
[Site "ČR"]
[Date "2013.??.??"]
[Round "?"]
[White "Bares, Jiri"]
[Black "Schwarz, Jan"]
[Result "1/2-1/2"]
[WhiteElo "2256"]
[BlackElo "2289"]
[PlyCount "54"]
[EventDate "2013.??.??"]
[EventType "corr"]

1. c4 e5 2. Nc3 Nf6 3. Nf3 Nc6 4. g3 d5 5. cxd5 Nxd5 6. Bg2 Nb6 7. O-O Be7 8.
d4 exd4 9. Nb5 Bf6 10. Bf4 Nd5 11. Bg5 Bxg5 12. Nxg5 Qxg5 13. Bxd5 O-O 14. Bxc6
bxc6 15. Nxd4 c5 16. Nf3 Qf6 17. Qc2 Re8 18. Rfe1 Bb7 19. Rac1 Rad8 20. Nd2 Rd5
21. Nc4 h5 22. Na5 Ba8 23. Nb3 h4 24. e4 hxg3 25. fxg3 Rh5 26. Nxc5 Qd4+ 27.
Kf1 Qf6+ 1/2-1/2

[Event "5MCR_3DW_1L_3S"]
[Site "ČR"]
[Date "2013.??.??"]
[Round "?"]
[White "Portych, Vaclav"]
[Black "Valak, Alois"]
[Result "1/2-1/2"]
[WhiteElo "2187"]
[BlackElo "2346"]
[PlyCount "43"]
[EventDate "2013.??.??"]
[EventType "corr"]

1. c4 Nf6 2. Nc3 e5 3. Nf3 Nc6 4. g3 Bb4 5. Nd5 e4 6. Nh4 O-O 7. Bg2 d6 8. Nxb4
Nxb4 9. a3 Nc6 10. d3 Re8 11. O-O h6 12. dxe4 Nxe4 13. Qc2 Qe7 14. b4 a5 15. b5
Nd4 16. Qd3 Nf5 17. Nxf5 Bxf5 18. Qd4 Nc5 19. Bb2 f6 20. Rae1 Qe5 21. Qxe5 fxe5
22. Bc1 1/2-1/2

[Event "5MCR_3DW_1L_3S"]
[Site "ČR"]
[Date "2013.??.??"]
[Round "?"]
[White "Valak, Alois"]
[Black "Portych, Vaclav"]
[Result "1/2-1/2"]
[WhiteElo "2346"]
[BlackElo "2187"]
[PlyCount "46"]
[EventDate "2013.??.??"]
[EventType "corr"]

1. e4 c5 2. Nf3 Nc6 3. Nc3 d6 4. d4 cxd4 5. Nxd4 Nf6 6. Bg5 e6 7. Qd2 Be7 8.
O-O-O O-O 9. f4 Nxd4 10. Qxd4 Qa5 11. e5 dxe5 12. Qxe5 Qxe5 13. fxe5 Nd5 14.
Bxe7 Nxe7 15. Bd3 b6 16. Rhe1 Bb7 17. Bxh7+ Kxh7 18. Rd7 Bxg2 19. Rxe7 a6 20.
Rg1 Bf3 21. Rf1 Bh5 22. Ne4 Rae8 23. Rxe8 Rxe8 1/2-1/2

[Event "5MCR_3DW_1L_3S"]
[Site "ČR"]
[Date "2013.??.??"]
[Round "?"]
[White "Valak, Alois"]
[Black "Cvak, Rudolf"]
[Result "1/2-1/2"]
[WhiteElo "2346"]
[BlackElo "2248"]
[PlyCount "74"]
[EventDate "2013.??.??"]
[EventType "corr"]

1. e4 c5 2. Nf3 d6 3. d4 cxd4 4. Nxd4 Nf6 5. Nc3 a6 6. Be3 e5 7. Nb3 Be6 8. f3
Be7 9. Qd2 O-O 10. O-O-O Nbd7 11. g4 b5 12. g5 b4 13. Ne2 Ne8 14. f4 a5 15. f5
Bxb3 16. cxb3 a4 17. bxa4 Rxa4 18. b3 Ra5 19. Kb1 d5 20. f6 Bc5 21. exd5 g6 22.
Bxc5 Nxc5 23. d6 Qa8 24. d7 Nxd7 25. Ng3 Nc7 26. Bg2 Qa7 27. Qxd7 Rxa2 28. Rd2
Ra3 29. Kb2 h5 30. gxh6 Qa5 31. Rb1 Ra2+ 32. Kc1 Rxd2 33. Qxd2 Nb5 34. Bd5 Nc3
35. Bc4 Rd8 36. h7+ Kxh7 37. Qg2 Qb6 1/2-1/2

[Event "5MCR_3DW_1L_3S"]
[Site "ČR"]
[Date "2013.??.??"]
[Round "?"]
[White "Vodicka, Milan"]
[Black "Portych, Vaclav"]
[Result "1/2-1/2"]
[WhiteElo "2245"]
[BlackElo "2187"]
[PlyCount "61"]
[EventDate "2013.??.??"]
[EventType "corr"]

1. d4 Nf6 2. c4 e6 3. Nf3 b6 4. a3 c5 5. e3 Bb7 6. Nc3 cxd4 7. exd4 d5 8. cxd5
Nxd5 9. Bb5+ Bc6 10. Bd3 Nd7 11. O-O Nxc3 12. bxc3 Bd6 13. c4 Qf6 14. a4 Bxf3
15. Qxf3 Qxf3 16. gxf3 Bb4 17. Rb1 Bc3 18. Be3 Nf6 19. Rfc1 Ba5 20. Bf4 Rd8 21.
Be5 Ke7 22. c5 Nd5 23. Bd6+ Kf6 24. Be4 Bd2 25. Rc2 Bf4 26. Bxf4 Nxf4 27. c6
Rc8 28. c7 Ke7 29. Bb7 Kd7 30. Bxc8+ Rxc8 31. a5 1/2-1/2

[Event "5MCR_3DW_1L_3S"]
[Site "ČR"]
[Date "2013.??.??"]
[Round "?"]
[White "Glaser, Karel"]
[Black "Valak, Alois"]
[Result "0-1"]
[WhiteElo "2260"]
[BlackElo "2346"]
[PlyCount "76"]
[EventDate "2013.??.??"]
[EventType "corr"]

1. e4 e5 2. Nf3 Nc6 3. Bb5 a6 4. Ba4 Nf6 5. O-O Be7 6. Re1 b5 7. Bb3 d6 8. c3
O-O 9. h3 Re8 10. d4 Bb7 11. a4 h6 12. d5 Na5 13. Ba2 c6 14. Na3 Qc7 15. dxc6
Qxc6 16. b4 Nc4 17. Nxc4 bxc4 18. Bb1 Bf8 19. Nh2 d5 20. exd5 Nxd5 21. Be4 f5
22. Qxd5+ Qxd5 23. Bxd5+ Bxd5 24. Nf1 f4 25. Ra2 Bc6 26. Nd2 e4 27. Rb2 Bd5 28.
Nb1 g5 29. h4 Bg7 30. Kf1 Kf7 31. Bd2 Bc6 32. Ra2 Kg6 33. Kg1 Rad8 34. b5 axb5
35. axb5 Bxb5 36. hxg5 hxg5 37. Ra5 Bd7 38. Rc5 Bf5 0-1

[Event "5MCR_3DW_1L_3S"]
[Site "ČR"]
[Date "2013.??.??"]
[Round "?"]
[White "Bares, Jiri"]
[Black "Alexa, Jaroslav"]
[Result "1/2-1/2"]
[WhiteElo "2256"]
[BlackElo "2340"]
[PlyCount "46"]
[EventDate "2013.??.??"]
[EventType "corr"]

1. c4 Nf6 2. d4 c6 3. Nf3 d5 4. e3 Bf5 5. Nc3 e6 6. Nh4 Bg6 7. Nxg6 hxg6 8. Bd2
Nbd7 9. h3 Be7 10. Bd3 O-O 11. O-O dxc4 12. Bxc4 Rc8 13. Rc1 c5 14. dxc5 Nxc5
15. Qc2 a6 16. Rfd1 b5 17. Be2 Qb6 18. Be1 Rc7 19. b4 Nce4 20. Qb1 Nd6 21. a4
Rfc8 22. axb5 axb5 23. Qb2 Nd7 1/2-1/2

[Event "5MCR_3DW_1L_3S"]
[Site "ČR"]
[Date "2013.??.??"]
[Round "?"]
[White "Alexa, Jaroslav"]
[Black "Glaser, Karel"]
[Result "1/2-1/2"]
[WhiteElo "2340"]
[BlackElo "2260"]
[PlyCount "61"]
[EventDate "2013.??.??"]
[EventType "corr"]

1. d4 Nf6 2. Nf3 d5 3. c4 e6 4. Nc3 c6 5. Bg5 h6 6. Bh4 dxc4 7. e4 g5 8. Bg3 b5
9. Be2 Be7 10. O-O Bb7 11. Ne5 O-O 12. f4 Nbd7 13. fxg5 hxg5 14. Nxd7 Qxd7 15.
Qd2 Nh7 16. Rad1 Rad8 17. Qe3 f6 18. a4 b4 19. Na2 Ba6 20. Qc1 c5 21. d5 exd5
22. exd5 Bd6 23. Bxd6 Qxd6 24. Bxc4 Bc8 25. Rfe1 Kg7 26. Qe3 f5 27. Qe7+ Rf7
28. Qxd6 Rxd6 29. Nc1 Nf6 30. Nb3 Rc7 31. Na5 1/2-1/2

[Event "5MCR_3DW_1L_3S"]
[Site "ČR"]
[Date "2013.??.??"]
[Round "?"]
[White "Glaser, Karel"]
[Black "Alexa, Jaroslav"]
[Result "1/2-1/2"]
[WhiteElo "2260"]
[BlackElo "2340"]
[PlyCount "89"]
[EventDate "2013.??.??"]
[EventType "corr"]

1. e4 c5 2. Nf3 Nc6 3. d4 cxd4 4. Nxd4 Nf6 5. Nc3 e5 6. Ndb5 d6 7. Bg5 a6 8.
Bxf6 gxf6 9. Na3 b5 10. Nd5 Bg7 11. c3 f5 12. exf5 Bxf5 13. Nc2 O-O 14. Nce3
Be6 15. Bd3 f5 16. O-O Ra7 17. a4 Ne7 18. Nxe7+ Rxe7 19. axb5 axb5 20. Ra6 d5
21. Nc2 Bc8 22. Ra8 Qd7 23. Ra5 Bb7 24. Qd2 Kh8 25. Bxb5 Qc7 26. Rfa1 d4 27.
Ba6 dxc3 28. Qxc3 e4 29. Qb3 f4 30. Qxb7 Qxb7 31. Bxb7 Rxb7 32. Rb1 Rc7 33. Ne1
Rd7 34. Ra4 Re8 35. Rc4 Rd2 36. Rc2 Red8 37. Rbc1 Bxb2 38. Rxd2 Rxd2 39. Rc2 e3
40. fxe3 fxe3 41. Kf1 Bd4 42. g3 Kg7 43. Rxd2 exd2 44. Ke2 dxe1=Q+ 45. Kxe1
1/2-1/2

[Event "5MCR_3DW_1L_3S"]
[Site "ČR"]
[Date "2013.??.??"]
[Round "?"]
[White "Alexa, Jaroslav"]
[Black "Schwarz, Jan"]
[Result "1-0"]
[WhiteElo "2340"]
[BlackElo "2289"]
[PlyCount "75"]
[EventDate "2013.??.??"]
[EventType "corr"]

1. d4 Nf6 2. Nf3 e6 3. c4 d5 4. Nc3 c6 5. Bg5 h6 6. Bh4 dxc4 7. e4 g5 8. Bg3 b5
9. Be2 Bb7 10. O-O Nbd7 11. Ne5 Nxe5 12. Bxe5 Be7 13. f4 O-O 14. fxg5 Nd7 15.
Bg3 Bxg5 16. Bd6 Be7 17. Qd2 Bxd6 18. Qxh6 Ne5 19. dxe5 Bxe5 20. Rf3 Bg7 21.
Rg3 Qd4+ 22. Kh1 Qe5 23. Qh4 f5 24. Bh5 fxe4 25. Rg1 Rab8 26. Ne2 Rbd8 27. Bg6
Rf6 28. Rg5 Qxb2 29. Bh7+ Kf8 30. Qg3 Rf7 31. Bg6 Qf6 32. Bxf7 Qxf7 33. Nf4 Bc8
34. h4 Rd3 35. Nxd3 exd3 36. Qb8 Qd7 37. Rf1+ Kg8 38. Rxg7+ 1-0

[Event "5MCR_3DW_1L_3S"]
[Site "ČR"]
[Date "2013.??.??"]
[Round "?"]
[White "Valak, Alois"]
[Black "Schwarz, Jan"]
[Result "1/2-1/2"]
[WhiteElo "2346"]
[BlackElo "2289"]
[PlyCount "109"]
[EventDate "2013.??.??"]
[EventType "corr"]

1. e4 e5 2. Nf3 Nc6 3. Bb5 a6 4. Ba4 Nf6 5. O-O Be7 6. Re1 b5 7. Bb3 O-O 8. c3
d5 9. exd5 Nxd5 10. Nxe5 Nxe5 11. Rxe5 c6 12. d4 Bd6 13. Re1 Qh4 14. g3 Qh3 15.
Be3 Bg4 16. Qd3 Rae8 17. Nd2 Re6 18. a4 Qh5 19. axb5 axb5 20. Qf1 Bh3 21. Bd1
Qf5 22. Qe2 c5 23. Nf3 Bf4 24. Bc2 Qg4 25. Qd3 g6 26. Ne5 Bxe5 27. Bd1 Qf5 28.
Qxf5 Bxf5 29. dxe5 Rxe5 30. Bd2 Rxe1+ 31. Bxe1 Re8 32. Bf3 Nb6 33. b4 cxb4 34.
cxb4 Be4 35. Be2 Nc4 36. f3 Ra8 37. Rxa8+ Bxa8 38. Bxc4 bxc4 39. Kf2 Kf8 40.
Ke3 Ke7 41. f4 Kd6 42. Kd4 Bd5 43. b5 Be6 44. Ba5 Kd7 45. Kc5 Kc8 46. Bc3 Kb7
47. Bg7 Kc7 48. Bf6 Kb7 49. h4 h5 50. Bg7 Kc8 51. Ba1 Kc7 52. Bc3 Kb7 53. Bf6
Kc7 54. Bb2 Kb7 55. Be5 1/2-1/2

[Event "5MCR_3DW_1L_3S"]
[Site "ČR"]
[Date "2013.??.??"]
[Round "?"]
[White "Schwarz, Jan"]
[Black "Valak, Alois"]
[Result "1/2-1/2"]
[WhiteElo "2289"]
[BlackElo "2346"]
[PlyCount "92"]
[EventDate "2013.??.??"]
[EventType "corr"]

1. e4 e5 2. Nf3 Nc6 3. Bb5 a6 4. Ba4 Nf6 5. O-O Be7 6. Re1 b5 7. Bb3 O-O 8. h3
Bb7 9. d3 d6 10. a3 Qd7 11. Nc3 Nd4 12. Nxd4 exd4 13. Ne2 c5 14. Ba2 d5 15. e5
Ne8 16. Nf4 a5 17. e6 Qd6 18. Qg4 Nc7 19. Bd2 a4 20. Re2 fxe6 21. Nxe6 Nxe6 22.
Rxe6 Qd8 23. Rae1 Rf7 24. Qg3 c4 25. Qe5 Bf6 26. Qe2 Qc8 27. Bb4 Bc6 28. Qh5
Qb7 29. f4 g6 30. Qf3 Rc8 31. Kh2 Bg7 32. h4 Bd7 33. Rd6 Bc6 34. g3 Rf5 35. Kg2
Bf8 36. Rde6 Bd7 37. R6e2 Bg7 38. c3 Rf7 39. cxd4 Bxd4 40. dxc4 bxc4 41. Bb1
Bc5 42. h5 Bxb4 43. axb4 Rg7 44. Kh2 Rf8 45. Re5 gxh5 46. Rxh5 Rf6 1/2-1/2

[Event "5MCR_3DW_1L_3S"]
[Site "ČR"]
[Date "2013.??.??"]
[Round "?"]
[White "Vodicka, Milan"]
[Black "Schwarz, Jan"]
[Result "1/2-1/2"]
[WhiteElo "2245"]
[BlackElo "2289"]
[PlyCount "126"]
[EventDate "2013.??.??"]
[EventType "corr"]

1. Nf3 c5 2. e4 d6 3. d4 cxd4 4. Nxd4 Nf6 5. Nc3 a6 6. Bg5 Nbd7 7. Bc4 Qb6 8.
Nb3 e6 9. Be2 Qc7 10. O-O b5 11. Qd4 Rb8 12. a3 Be7 13. Rad1 O-O 14. h3 Bb7 15.
Qe3 h6 16. Bf4 Rbc8 17. Rfe1 Rfd8 18. Bg3 Ne5 19. Bh2 Nfd7 20. Bf4 Bf6 21. Qg3
Kh7 22. Be3 Nb6 23. Na5 Na4 24. Nxb7 Qxb7 25. Nxa4 bxa4 26. Bd4 Rxc2 27. Bc3
Qb6 28. Bf1 Rc8 29. Re2 Rxe2 30. Bxe2 Rc6 31. Rd2 Kg8 32. Bd1 Rc4 33. Qe3 Qc7
34. Qe2 Qc6 35. Bc2 Rc5 36. Bb4 Nc4 37. Bxc5 Nxd2 38. Qxd2 dxc5 39. e5 Be7 40.
g3 c4 41. Qa5 Qb5 42. Qxa4 Qxb2 43. Qxc4 Bxa3 44. h4 Qxe5 45. Qxa6 Bf8 46. Qa8
g6 47. Kg2 h5 48. Ba4 Qb2 49. Be8 Bc5 50. Qf3 Qg7 51. Qf4 Qf8 52. Qb8 Qe7 53.
Bb5+ Kh7 54. Ba6 Bd4 55. Qb7 Qf8 56. Bc4 Kh8 57. Bb3 Ba1 58. Bc2 Be5 59. Ba4
Kg7 60. Bd7 Qe7 61. Bc6 Qf6 62. Qb4 Bd4 63. Bf3 Ba7 1/2-1/2

[Event "5MCR_3DW_1L_3S"]
[Site "ČR"]
[Date "2013.??.??"]
[Round "?"]
[White "Portych, Vaclav"]
[Black "Bares, Jiri"]
[Result "1/2-1/2"]
[WhiteElo "2187"]
[BlackElo "2256"]
[PlyCount "59"]
[EventDate "2013.??.??"]
[EventType "corr"]

1. c4 Nf6 2. Nc3 e5 3. Nf3 Nc6 4. g3 Bb4 5. Bg2 O-O 6. O-O d6 7. Nd5 Bc5 8. e3
Bg4 9. h3 Bh5 10. d3 Nxd5 11. cxd5 Ne7 12. g4 Bg6 13. d4 exd4 14. Nxd4 Qd7 15.
e4 c6 16. Be3 Rac8 17. Rc1 cxd5 18. exd5 Rfe8 19. Re1 Bb4 20. Bd2 Bxd2 21. Qxd2
Rxc1 22. Qxc1 h5 23. Bf3 hxg4 24. hxg4 Nc8 25. Rxe8+ Qxe8 26. Qc7 Nb6 27. Qxd6
Be4 28. Kh2 Nxd5 29. Kg3 Bxf3 30. Nxf3 1/2-1/2

[Event "5MCR_3DW_1L_3S"]
[Site "ČR"]
[Date "2013.??.??"]
[Round "?"]
[White "Glaser, Karel"]
[Black "Portych, Vaclav"]
[Result "1/2-1/2"]
[WhiteElo "2260"]
[BlackElo "2187"]
[PlyCount "80"]
[EventDate "2013.??.??"]
[EventType "corr"]

1. e4 c5 2. Nf3 Nc6 3. d4 cxd4 4. Nxd4 Nf6 5. Nc3 e5 6. Ndb5 d6 7. Bg5 a6 8.
Bxf6 gxf6 9. Na3 b5 10. Nd5 Bg7 11. Bd3 Ne7 12. Nxe7 Qxe7 13. O-O O-O 14. c4 f5
15. Qh5 bxc4 16. Nxc4 Rb8 17. Ne3 Rxb2 18. exf5 e4 19. Bc4 Kh8 20. Rad1 Bd7 21.
Rb1 Rxb1 22. Rxb1 Bc6 23. Bxa6 Bd4 24. Bc4 Qf6 25. Ng4 Qg7 26. g3 Bc5 27. Ne3
h6 28. a4 Qg5 29. Qxg5 hxg5 30. a5 Kg7 31. Nd5 Ba8 32. g4 Ba7 33. Rb4 Rh8 34.
Kg2 Bc5 35. Rb5 Bd4 36. a6 Rc8 37. Bb3 Rc1 38. Rb4 Ba7 39. Rc4 Bxd5 40. Rxc1
Bxb3 1/2-1/2

[Event "5MCR_3DW_1L_3S"]
[Site "ČR"]
[Date "2013.??.??"]
[Round "?"]
[White "Schwarz, Jan"]
[Black "Alexa, Jaroslav"]
[Result "1/2-1/2"]
[WhiteElo "2289"]
[BlackElo "2340"]
[PlyCount "59"]
[EventDate "2013.??.??"]
[EventType "corr"]

1. e4 c5 2. Nf3 Nc6 3. Bb5 e6 4. O-O Nge7 5. c3 a6 6. Ba4 b5 7. Bc2 Bb7 8. Qe2
d5 9. e5 d4 10. Be4 Ng6 11. d3 dxc3 12. bxc3 Be7 13. a4 b4 14. cxb4 cxb4 15. g3
O-O 16. Bb2 Qd7 17. h4 f5 18. exf6 Bxf6 19. Bxf6 Rxf6 20. Nbd2 Raf8 21. Rac1
Nge7 22. Nb3 Rxf3 23. Nc5 Qe8 24. Rc4 R3f6 25. Nxb7 Nf5 26. Bxc6 Nxg3 27. fxg3
Rxf1+ 28. Qxf1 Rxf1+ 29. Kxf1 Qf8+ 30. Kg2 1/2-1/2

[Event "5MCR_3DW_1L_3S"]
[Site "ČR"]
[Date "2013.??.??"]
[Round "?"]
[White "Cvak, Rudolf"]
[Black "Alexa, Jaroslav"]
[Result "1/2-1/2"]
[WhiteElo "2248"]
[BlackElo "2340"]
[PlyCount "79"]
[EventDate "2013.??.??"]
[EventType "corr"]

1. e4 c5 2. Nf3 Nc6 3. d4 cxd4 4. Nxd4 Nf6 5. Nc3 e5 6. Ndb5 d6 7. Bg5 a6 8.
Na3 b5 9. Nd5 Be7 10. Bxf6 Bxf6 11. c4 b4 12. Nc2 a5 13. Qf3 Be7 14. Rd1 O-O
15. c5 Be6 16. Bc4 Qb8 17. Qd3 dxc5 18. Nxe7+ Nxe7 19. Bxe6 fxe6 20. Qd7 Qe8
21. Qxe6+ Qf7 22. Qxf7+ Kxf7 23. Ne3 Ke6 24. f3 a4 25. Ke2 a3 26. b3 Rac8 27.
Nc4 Rcd8 28. Rc1 Nc6 29. Nb6 Nd4+ 30. Ke3 Kd6 31. Rc4 Rb8 32. Nd5 g5 33. h4 Rg8
34. Nf6 Rg7 35. Kf2 Rh8 36. h5 Rf7 37. Ng4 Rc8 38. Rd1 Rff8 39. Rdc1 Rc7 40.
Ke1 1/2-1/2

[Event "5MCR_3DW_1L_3S"]
[Site "ČR"]
[Date "2013.??.??"]
[Round "?"]
[White "Valak, Alois"]
[Black "Glaser, Karel"]
[Result "1/2-1/2"]
[WhiteElo "2346"]
[BlackElo "2260"]
[PlyCount "121"]
[EventDate "2013.??.??"]
[EventType "corr"]

1. e4 e5 2. Nf3 Nc6 3. Bb5 a6 4. Ba4 Nf6 5. O-O Be7 6. Re1 b5 7. Bb3 O-O 8. c3
d6 9. h3 Nb8 10. d4 Nbd7 11. Nbd2 Bb7 12. Bc2 Re8 13. Nf1 Bf8 14. Ng3 g6 15. a4
c5 16. d5 c4 17. Bg5 h6 18. Be3 Qc7 19. Qd2 Kh7 20. Ra3 Nc5 21. Rea1 Rec8 22.
R1a2 Bg7 23. Qe1 Nfd7 24. Qa1 Qd8 25. Nf1 h5 26. Ng5+ Kg8 27. Nd2 Rcb8 28. axb5
axb5 29. b3 Rxa3 30. Rxa3 cxb3 31. Nxb3 Ra8 32. Na5 Qb6 33. Nxb7 Rxa3 34. Qxa3
Qxb7 35. Qa5 Qb8 36. g3 Bf6 37. Nf3 Bd8 38. Qb4 Qb6 39. Nd2 Qa5 40. Kg2 Bb6 41.
Qxa5 Bxa5 42. Nb1 b4 43. cxb4 Bxb4 44. Bc1 Nb6 45. Na3 Bxa3 46. Bxa3 Nc4 47.
Bc1 f6 48. f3 Kf7 49. Kf2 Na5 50. Ke2 Nab3 51. Bxb3 Nxb3 52. Be3 Na5 53. Kd3
Ke7 54. Bb6 Nb7 55. Kc3 Ke8 56. Kc4 Ke7 57. Kb5 Kd7 58. Kb4 Ke7 59. g4 hxg4 60.
hxg4 g5 61. Ka3 1/2-1/2

[Event "5MCR_3DW_1L_3S"]
[Site "ČR"]
[Date "2013.??.??"]
[Round "?"]
[White "Schwarz, Jan"]
[Black "Portych, Vaclav"]
[Result "1/2-1/2"]
[WhiteElo "2289"]
[BlackElo "2187"]
[PlyCount "69"]
[EventDate "2013.??.??"]
[EventType "corr"]

1. e4 c5 2. Nf3 Nc6 3. Bb5 d6 4. O-O Bd7 5. Re1 Nf6 6. c3 a6 7. Bf1 Bg4 8. h3
Bxf3 9. Qxf3 g6 10. d3 Bg7 11. Bg5 O-O 12. Nd2 b5 13. Qd1 Qd7 14. Be3 Rfc8 15.
a3 e6 16. Be2 Rab8 17. Rc1 Qd8 18. Bg5 Qf8 19. Nf3 Rb7 20. Qc2 Rbc7 21. Ra1 d5
22. Bf4 Rb7 23. Rac1 c4 24. exd5 Nxd5 25. Bg3 cxd3 26. Bxd3 Na5 27. Be5 Rd7 28.
Bxg7 Qxg7 29. Rcd1 Qf6 30. Bf1 Rdc7 31. Ne5 Nc6 32. Ng4 Qg5 33. a4 h5 34. Nh2
Rb8 35. Nf3 1/2-1/2

[Event "5MCR_3DW_1L_3S"]
[Site "ČR"]
[Date "2013.??.??"]
[Round "?"]
[White "Bares, Jiri"]
[Black "Cvak, Rudolf"]
[Result "1/2-1/2"]
[WhiteElo "2256"]
[BlackElo "2248"]
[PlyCount "76"]
[EventDate "2013.??.??"]
[EventType "corr"]

1. c4 f5 2. d4 Nf6 3. Nc3 e6 4. g3 Bb4 5. Bg2 O-O 6. Nf3 Bxc3+ 7. bxc3 d6 8.
O-O Nc6 9. Qc2 e5 10. dxe5 Nxe5 11. Nxe5 dxe5 12. Ba3 Rf7 13. Rad1 Qe8 14. c5
e4 15. Rd4 Be6 16. c4 Rd7 17. Rfd1 Rxd4 18. Rxd4 h6 19. Qc3 Qf7 20. f3 Re8 21.
f4 b6 22. e3 Nd7 23. cxb6 axb6 24. Rd2 Ra8 25. Bf1 Kh7 26. Rc2 Nf6 27. Qb3 Nd7
28. Qc3 Nf6 29. Bc1 Qe7 30. a3 Nd7 31. Rd2 Nc5 32. Qc2 Rd8 33. Rd4 Ra8 34. Bb2
Qf7 35. Be2 Ra5 36. Rd1 Ra4 37. Rd4 Qe7 38. Kf2 Ra6 1/2-1/2

[Event "5MCR_3DW_1L_3S"]
[Site "ČR"]
[Date "2013.??.??"]
[Round "?"]
[White "Glaser, Karel"]
[Black "Vodicka, Milan"]
[Result "1/2-1/2"]
[WhiteElo "2260"]
[BlackElo "2245"]
[PlyCount "100"]
[EventDate "2013.??.??"]
[EventType "corr"]

1. e4 e5 2. Nf3 Nf6 3. Nxe5 d6 4. Nf3 Nxe4 5. d4 d5 6. Bd3 Nc6 7. O-O Be7 8. c4
Nb4 9. Be2 O-O 10. Nc3 Be6 11. a3 Nxc3 12. bxc3 Nc6 13. cxd5 Bxd5 14. Re1 Re8
15. Bd3 Bd6 16. Rxe8+ Qxe8 17. Nd2 Rd8 18. Bb2 f6 19. g3 Bf8 20. Qc2 Qh5 21.
Re1 Bf7 22. Nf1 g6 23. Ne3 Kg7 24. Kg2 Qa5 25. h4 Re8 26. Rb1 b5 27. Qe2 a6 28.
h5 Ne7 29. hxg6 hxg6 30. Qf3 Qb6 31. a4 f5 32. axb5 axb5 33. Ba3 c6 34. Bc4 Qa5
35. Bxf7 Kxf7 36. Bxe7 Rxe7 37. g4 Qxc3 38. gxf5 Qxd4 39. fxg6+ Kxg6 40. Nf5
Qf6 41. Nxe7+ Bxe7 42. Qe4+ Kf7 43. Re1 Bc5 44. Qe8+ Kg7 45. Qd7+ Qf7 46. Qg4+
Qg6 47. Qxg6+ Kxg6 48. Re6+ Kf5 49. Rxc6 Bf8 50. Kf1 Ke4 1/2-1/2

[Event "5MCR_3DW_1L_3S"]
[Site "ČR"]
[Date "2013.??.??"]
[Round "?"]
[White "Alexa, Jaroslav"]
[Black "Cvak, Rudolf"]
[Result "1-0"]
[WhiteElo "2340"]
[BlackElo "2248"]
[PlyCount "113"]
[EventDate "2013.??.??"]
[EventType "corr"]

1. d4 d5 2. c4 c6 3. Nf3 Nf6 4. Nc3 a6 5. c5 g6 6. h3 Bg7 7. Bf4 Ne4 8. Qc2 Bf5
9. Qb3 Nxc3 10. Qxc3 Nd7 11. e3 O-O 12. Be2 b6 13. cxb6 Qxb6 14. O-O c5 15.
Rac1 Rfc8 16. Qd2 a5 17. Rfd1 a4 18. dxc5 Nxc5 19. Be5 f6 20. Bd4 e5 21. b4
exd4 22. bxc5 Rxc5 23. Rxc5 Qxc5 24. Nxd4 Bd7 25. Bf3 Rb8 26. Rc1 Qd6 27. Qa5
f5 28. Bxd5+ Kf8 29. Bf3 Bf6 30. g3 Bd8 31. Qd2 Bf6 32. Rd1 Rc8 33. Qa5 Bd8 34.
Qa7 Qc7 35. Qa6 Qb6 36. Qd3 Bf6 37. Ne2 Be8 38. Nf4 Rd8 39. Rb1 Rxd3 40. Rxb6
Bd8 41. Rb8 Rd6 42. Rxd8 Rxd8 43. Ne6+ Ke7 44. Nxd8 Kxd8 45. Kf1 Kc7 46. Ke1
Kd6 47. a3 Kc5 48. Be2 Bf7 49. Kd2 Bd5 50. Kc3 Bb3 51. Bd3 Bd5 52. Bc2 Bc6 53.
h4 Bd7 54. e4 fxe4 55. Bxe4 Bg4 56. Bc2 Be2 57. Bxa4 1-0

[Event "5MCR_3DW_1L_3S"]
[Site "ČR"]
[Date "2013.??.??"]
[Round "?"]
[White "Valak, Alois"]
[Black "Bares, Jiri"]
[Result "1/2-1/2"]
[WhiteElo "2346"]
[BlackElo "2256"]
[PlyCount "95"]
[EventDate "2013.??.??"]
[EventType "corr"]

1. e4 c5 2. Nf3 d6 3. d4 cxd4 4. Nxd4 Nf6 5. Nc3 a6 6. Bg5 e6 7. f4 Be7 8. Qf3
Qc7 9. O-O-O Nbd7 10. g4 b5 11. Bxf6 Nxf6 12. g5 Nd7 13. f5 Nc5 14. f6 gxf6 15.
gxf6 Bf8 16. Kb1 h5 17. a3 Qb6 18. Rg1 b4 19. axb4 Qxb4 20. e5 Bb7 21. Qg3
O-O-O 22. Bg2 d5 23. Bf3 h4 24. Qe1 Qb6 25. Rg5 Kb8 26. Rh5 Rxh5 27. Bxh5 Ne4
28. Nxe4 dxe4 29. Nb3 Rxd1+ 30. Qxd1 Qc7 31. Qd4 Bd5 32. Be2 Qb7 33. Nc5 Qa7
34. Nxa6+ Kb7 35. c3 Qxd4 36. cxd4 Kb6 37. b4 h3 38. Kc2 Bh6 39. Nc5 Bf4 40.
Na4+ Kc7 41. Nc3 Bxh2 42. Bf1 Kd8 43. Bxh3 Bg1 44. Nb5 Bc6 45. Nd6 Bxd4 46.
Nxf7+ Ke8 47. Bxe6 e3 48. Ng5 1/2-1/2

[Event "5MCR_3DW_1L_3S"]
[Site "ČR"]
[Date "2013.??.??"]
[Round "?"]
[White "Alexa, Jaroslav"]
[Black "Valak, Alois"]
[Result "1/2-1/2"]
[WhiteElo "2340"]
[BlackElo "2346"]
[PlyCount "91"]
[EventDate "2013.??.??"]
[EventType "corr"]

1. d4 Nf6 2. Nf3 d5 3. c4 e6 4. Nc3 Be7 5. Bf4 O-O 6. e3 Nbd7 7. c5 Nh5 8. Bd3
b6 9. b4 a5 10. a3 Nxf4 11. exf4 c6 12. O-O Qc7 13. g3 Ba6 14. Re1 g6 15. Kg2
Bxd3 16. Qxd3 Ra7 17. h4 Rfa8 18. h5 gxh5 19. cxb6 Qxb6 20. b5 cxb5 21. Nxb5
Rb7 22. Rab1 Qd8 23. Nd6 Rxb1 24. Nxf7 Rb3 25. Nh6+ Kg7 26. Qxb3 Kxh6 27. Rxe6+
Kg7 28. Qxd5 Bxa3 29. Qxh5 Nf8 30. Rc6 Ra7 31. d5 Bb2 32. d6 Rd7 33. Qc5 a4 34.
Ra6 Qf6 35. Ne5 Bxe5 36. fxe5 Qf5 37. Rxa4 Ng6 38. f4 Qg4 39. Kf2 Qh3 40. Qd5
h5 41. Qg2 Qf5 42. Qe4 Qh3 43. Rc4 h4 44. gxh4 Rf7 45. Rc7 Qxh4+ 46. Ke3
1/2-1/2